000 01216nam a2200301 a 4500
001 BRCA_4875
005 20190320204836.0
008 140110s1964----mx-af#####---#000-0#spa-#
041 _aspa
044 _amx
050 4 _aND1311
_b.W35 1964
100 1 _aWalker, John
_912342
245 1 0 _aTesoros de la National Gallery Washington
_cJohn Walker ; traducción de Juan Massot Gimeno ; revisión y dirección Teodoro Miciano.
250 _a2
260 _aBarcelona : México
_bDaimon : Manuel Tamayo
_c1964
300 _a336 p.
_bil., 111 láminas blanco y negro y 271 láminas a color
_c22 cm.
440 0 _aColección Tesoros de los grandes museos
_912343
500 _aIncluye índice de ilustraciones e índice de nombres citados
500 _aTraducción de: Trésors de la peinture á la National Gallery de Washington
500 _aDonación Dr. Héctor Rivero Borrell Vázquez
610 2 4 _aNational Gallery Washington
_vCatálogos
_912344
650 1 4 _aPintura de retratos americanos
_vCatálogos
_93171
650 1 4 _aPintura de retratos
_vCatálogos
_zWashington
_912345
700 1 _aMassot Gimeno, Juan
_eTraductor
_912346
700 1 _aMiciano, Teodoro
_912347
902 _aDHR
942 _2lcc
_cB
999 _c4569
_d4569